[Event "4NCL Online Division 3"]
[Site "online"]
[Date "2020.11.17"]
[Round "7.132"]
[White "Elwin, Adrian G"]
[Black "Hylands, Liam M"]
[Result "0-1"]
[WhiteElo "1982"]
[BlackElo "1883"]
[PlyCount "86"]
[EventDate "2020.11.17"]
[WhiteTeam "MK Phoenix 2"]
[BlackTeam "Streatham B"]

1. d4 d5 2. c4 c6 3. cxd5 cxd5 4. Bf4 Nc6 5. Nf3 Nf6 6. Nc3 Bf5 7. e3 a6 8. Rc1
e6 9. Bd3 Bxd3 10. Qxd3 Bd6 11. Bxd6 Qxd6 12. O-O O-O 13. Na4 Ne4 14. Nc5 Nxc5
15. dxc5 Qe7 16. a3 Rad8 17. b4 e5 18. Qc3 Rfe8 19. Rcd1 Qe6 20. Rfe1 e4 21.
Nd4 Qf6 22. Qb3 Ne5 23. h3 Qg5 24. Kh1 Nd3 25. Rxd3 exd3 26. Qxd3 g6 27. c6 Qe7
28. Rc1 Rc8 29. Rc5 bxc6 30. Rxc6 Rxc6 31. Nxc6 Qd6 32. Nd4 Rc8 33. g3 Qb6 34.
Qb3 a5 35. b5 Rc4 36. a4 Qc5 37. Kg2 Rb4 38. Qa3 Qc4 39. Nc6 Qe4+ 40. Kh2 Rb1
41. f3 Qxf3 42. Ne7+ Kg7 43. Qc3+ f6 0-1

[Event "4NCL Online Division 3"]
[Site "online"]
[Date "2020.11.17"]
[Round "7.133"]
[White "Ponting, Andrew"]
[Black "Habershon, Paul F"]
[Result "0-1"]
[WhiteElo "1870"]
[BlackElo "1977"]
[PlyCount "44"]
[EventDate "2020.11.17"]
[WhiteTeam "Streatham B"]
[BlackTeam "MK Phoenix 2"]

1. d4 Nf6 2. c4 e6 3. Nc3 c5 4. d5 exd5 5. cxd5 d6 6. e4 g6 7. f4 Bg7 8. Bb5+
Nfd7 9. a4 O-O 10. Nf3 Na6 11. O-O Nc7 12. e5 Nxb5 13. Nxb5 dxe5 14. fxe5 Nxe5
15. Bf4 Bg4 16. d6 Bxf3 17. gxf3 a6 18. Nc7 Rc8 19. Rc1 Qf6 20. Qd2 Nd3 21.
Qxd3 Qxf4 22. Kh1 Be5 0-1

[Event "4NCL Online Division 3"]
[Site "online"]
[Date "2020.11.17"]
[Round "7.134"]
[White "Valentine, Brian J"]
[Black "Chung, Michael"]
[Result "0-1"]
[WhiteElo "1926"]
[BlackElo "1630"]
[PlyCount "102"]
[EventDate "2020.11.17"]
[WhiteTeam "MK Phoenix 2"]
[BlackTeam "Streatham B"]

1. e4 e5 2. Nf3 Nc6 3. Bb5 a6 4. Ba4 d6 5. O-O Bg4 6. h3 Bh5 7. c3 b5 8. Bb3
Be7 9. d4 exd4 10. cxd4 Nf6 11. Re1 Bxf3 12. gxf3 O-O 13. Nc3 Nh5 14. f4 g6 15.
Be3 Bh4 16. Qg4 Na5 17. Bc2 Nc4 18. Bc1 Be7 19. b3 Nb6 20. Bd2 c5 21. dxc5 dxc5
22. Rad1 Qc7 23. e5 Rad8 24. Ne4 Qc6 25. Ba5 Rd4 26. Bc3 Rxd1 27. Rxd1 Nd5 28.
Bd2 Rd8 29. f5 Kh8 30. f6 Bf8 31. Ng5 Kg8 32. Nxh7 Kxh7 33. Qxh5+ Kg8 34. Bxg6
fxg6 35. Qxg6+ Kh8 36. Qh5+ Kg8 37. Kh2 Nxf6 38. exf6 Qxf6 39. Rg1+ Bg7 40. Bg5
Qxf2+ 41. Rg2 Qf5 42. Qe2 Qe5+ 43. Qxe5 Bxe5+ 44. Bf4+ Bg7 45. Be5 Rd7 46. Bxg7
Rxg7 47. Rc2 Rg5 48. h4 Re5 49. Kg3 Kg7 50. Kf4 Rd5 51. Rd2 Rxd2 0-1

[Event "4NCL Online Division 3"]
[Site "online"]
[Date "2020.11.17"]
[Round "7.141"]
[White "Fisher, Neal"]
[Black "Pedersen, Carsten"]
[Result "1/2-1/2"]
[WhiteElo "1750"]
[BlackElo "2185"]
[PlyCount "72"]
[EventDate "2020.11.17"]
[WhiteTeam "Chessmates"]
[BlackTeam "Celtic Tigers"]

1. d4 Nf6 2. Bf4 e6 3. e3 d5 4. c3 c5 5. Nf3 Qb6 6. Qb3 c4 7. Qxb6 axb6 8. Be2
Bd7 9. O-O Nc6 10. Nbd2 b5 11. a3 Be7 12. h3 O-O 13. Ne5 Nxe5 14. Bxe5 Bc6 15.
Bxf6 Bxf6 16. Nf3 Be7 17. Ne5 f6 18. Nxc6 bxc6 19. Bd1 Ra7 20. b4 Rfa8 21. a4
bxa4 22. Bc2 a3 23. Ra2 e5 24. Rfa1 exd4 25. exd4 g6 26. Kh1 f5 27. g3 Kf7 28.
Kg2 h5 29. h4 f4 30. Bd1 fxg3 31. fxg3 Bd6 32. Bf3 Kg7 33. Bd1 Kh6 34. Bf3 Kg7
35. Kf2 Kh6 36. Kg2 Kg7 1/2-1/2

[Event "4NCL Online Division 3"]
[Site "online"]
[Date "2020.11.17"]
[Round "7.142"]
[White "Skulte, Christopher"]
[Black "Tomlinson, Zak"]
[Result "1-0"]
[WhiteElo "2055"]
[BlackElo "1772"]
[PlyCount "47"]
[EventDate "2020.11.17"]
[WhiteTeam "Celtic Tigers"]
[BlackTeam "Chessmates"]

1. e4 e5 2. Nf3 Nc6 3. d4 exd4 4. Nxd4 Bc5 5. Be3 Qf6 6. Nb5 Bxe3 7. fxe3 Qd8
8. Qg4 g6 9. Qf4 d6 10. Bc4 Qe7 11. N1c3 Be6 12. Nd5 Bxd5 13. Bxd5 Nd8 14. O-O
a6 15. Nd4 c6 16. Bb3 c5 17. Ne2 Ne6 18. Qf2 Nh6 19. Nc3 O-O 20. Nd5 Qd8 21.
Nf6+ Kg7 22. Rad1 Qe7 23. Qh4 Qd8 24. e5 1-0

[Event "4NCL Online Division 3"]
[Site "online"]
[Date "2020.11.17"]
[Round "7.143"]
[White "Catt, Peter"]
[Black "Brixel, Christof"]
[Result "0-1"]
[WhiteElo "1787"]
[BlackElo "2087"]
[PlyCount "96"]
[EventDate "2020.11.17"]
[WhiteTeam "Chessmates"]
[BlackTeam "Celtic Tigers"]

1. e4 b6 2. d4 Bb7 3. Bd3 e6 4. Nf3 c5 5. c3 Nf6 6. Nbd2 d5 7. e5 Nfd7 8. Qe2
Be7 9. O-O Nc6 10. a3 a5 11. Re1 Qc8 12. Qe3 Ba6 13. Bb1 cxd4 14. cxd4 b5 15.
Qf4 Qd8 16. Nf1 b4 17. Qg4 g6 18. b3 a4 19. Bc2 Qb6 20. N1d2 h5 21. Qf4 g5 22.
Nxg5 Bxg5 23. Qxg5 Qxd4 24. Rb1 Qg4 25. Qxg4 hxg4 26. bxa4 bxa3 27. Bxa3 Ndxe5
28. Bc5 Bd3 29. Rec1 Bxc2 30. Rxc2 Rxa4 31. Bd6 Kd7 32. Bxe5 Nxe5 33. Rb7+ Kd6
34. Rb6+ Ke7 35. Rc7+ Kf6 36. g3 Ra1+ 37. Kg2 Rd1 38. Nf1 Ra8 39. Ne3 Rd2 40.
Rc2 Rxc2 41. Nxc2 Ra2 42. Ne3 Rd2 43. Kf1 d4 44. Nd5+ Kf5 45. Nf4 Nf3 46. h4
Ke4 47. h5 Rd1+ 48. Ke2 Re1# 0-1

[Event "4NCL Online Division 3"]
[Site "online"]
[Date "2020.11.17"]
[Round "7.144"]
[White "Hoong, Jonathan"]
[Black "Duffell, Andrew"]
[Result "1-0"]
[WhiteElo "1712"]
[BlackElo "1622"]
[PlyCount "147"]
[EventDate "2020.11.17"]
[WhiteTeam "Celtic Tigers"]
[BlackTeam "Chessmates"]

1. e4 c5 2. Nf3 e6 3. d4 cxd4 4. Nxd4 a6 5. Nc3 Qc7 6. Bd3 Nc6 7. Nxc6 dxc6 8.
Qf3 Bd6 9. Qg4 f6 10. f4 Nh6 11. Qf3 Nf7 12. Be3 b5 13. O-O Bb7 14. Qg4 Qe7 15.
Qxg7 c5 16. e5 fxe5 17. f5 O-O-O 18. f6 Qc7 19. Qg4 Rdg8 20. Qxe6+ Qd7 21.
Qxd7+ Kxd7 22. Rf2 Ke8 23. Ne4 c4 24. Nxd6+ Nxd6 25. Be2 h5 26. Bc5 Nf7 27. Re1
Kd7 28. Bf3 Bxf3 29. Rxf3 Ke6 30. Be7 Rg6 31. Ree3 Rhg8 32. g3 h4 33. Kf2 Rg5
34. Ra3 hxg3+ 35. Rxg3 Rf5+ 36. Rgf3 Rxf3+ 37. Rxf3 Rg5 38. Ra3 Rf5+ 39. Ke2
Rh5 40. Rxa6+ Kf5 41. Ra5 Rxh2+ 42. Kd1 Ke4 43. Bb4 Ke3 44. Bc5+ Ke4 45. Rxb5
Rh1+ 46. Kd2 Rf1 47. Kc3 Rxf6 48. Kxc4 Rc6 49. Rb6 Nd6+ 50. Kb4 Kd5 51. Rxc6
Kxc6 52. Bxd6 Kxd6 53. Kc4 Ke6 54. Kd3 Kd5 55. Ke3 e4 56. a4 Ke5 57. a5 Kd5 58.
a6 Kc6 59. b4 Kb6 60. b5 Ka7 61. c4 Kb6 62. Kxe4 Kc7 63. a7 Kb7 64. c5 Ka8 65.
Kd5 Kb7 66. Kd6 Ka8 67. Kd7 Kb7 68. c6+ Ka8 69. c7 Kxa7 70. c8=Q Kb6 71. Qc6+
Ka7 72. b6+ Kb8 73. Qc7+ Ka8 74. Qa7# 1-0

[Event "4NCL Online Division 3"]
[Site "online"]
[Date "2020.11.17"]
[Round "7.151"]
[White "Smith, Olivia"]
[Black "Silva Pena, Angel David"]
[Result "1-0"]
[WhiteElo "2170"]
[BlackElo "1892"]
[PlyCount "49"]
[EventDate "2020.11.17"]
[WhiteTeam "Fischer's Catch"]
[BlackTeam "Wimbledon 2"]

1. Nf3 Nf6 2. d3 d5 3. g3 Bf5 4. Bg2 h6 5. Nbd2 e6 6. O-O a5 7. Re1 Bh7 8. c4
c6 9. a3 Be7 10. Rb1 O-O 11. b4 axb4 12. axb4 dxc4 13. Nxc4 Nd5 14. Bd2 b5 15.
Ne3 Nxe3 16. Bxe3 Ra4 17. Bd2 Bd6 18. Qc2 Qd7 19. Nd4 Rc8 20. Rec1 c5 21. Nxb5
Qxb5 22. bxc5 Qa6 23. cxd6 Rd8 24. Qc7 Qxd6 25. Qxd6 1-0

[Event "4NCL Online Division 3"]
[Site "online"]
[Date "2020.11.17"]
[Round "7.152"]
[White "Slonczuk, Pawel"]
[Black "Fraser, Susanna"]
[Result "0-1"]
[WhiteElo "1667"]
[BlackElo "1810"]
[PlyCount "40"]
[EventDate "2020.11.17"]
[WhiteTeam "Wimbledon 2"]
[BlackTeam "Fischer's Catch"]

1. d4 d5 2. Nc3 Nf6 3. Bf4 a6 4. e3 e6 5. Bd3 c5 6. dxc5 Bxc5 7. Nf3 O-O 8. O-O
Nc6 9. e4 d4 10. Ne2 Nh5 11. Bd2 e5 12. c3 Bg4 13. Ne1 dxc3 14. Bxc3 Nf4 15. h3
Bh5 16. g4 Nxh3+ 17. Kh2 Bxg4 18. f3 Bd7 19. Ng2 Qf6 20. Bd2 Ng5 0-1

[Event "4NCL Online Division 3"]
[Site "online"]
[Date "2020.11.17"]
[Round "7.153"]
[White "Jaberansari, Daniel"]
[Black "Blackburn, Andrew J"]
[Result "1/2-1/2"]
[WhiteElo "1652"]
[BlackElo "1645"]
[PlyCount "84"]
[EventDate "2020.11.17"]
[WhiteTeam "Fischer's Catch"]
[BlackTeam "Wimbledon 2"]

1. e4 e5 2. Bc4 Nf6 3. d3 Bc5 4. Nf3 Nc6 5. Bg5 d6 6. h3 Na5 7. Bb3 Nxb3 8.
axb3 Be6 9. O-O c6 10. Re1 O-O 11. Nc3 Bb6 12. Na4 Bc7 13. Re2 h6 14. Bh4 Re8
15. Nc3 a6 16. Re1 Qe7 17. d4 Rad8 18. d5 cxd5 19. exd5 Bf5 20. Qd2 Bb6 21. Qd1
Rc8 22. Re2 Kh7 23. Na4 Ba7 24. Nc3 Bb6 25. Nd2 Rg8 26. Nde4 g5 27. Bg3 Nh5 28.
Re1 Nxg3 29. Nxg3 Bg6 30. Rc1 f5 31. Qf3 Qf7 32. Qe2 Rge8 33. Qf3 Bd4 34. Kh1
e4 35. Qd1 Bxc3 36. bxc3 Rxc3 37. Qd4 Rc5 38. c4 Qg7 39. Qd2 Qe5 40. Qb4 Re7
41. Qd2 Rec7 42. Qe2 Rc8 1/2-1/2

[Event "4NCL Online Division 3"]
[Site "online"]
[Date "2020.11.17"]
[Round "7.154"]
[White "Sood, Kamaljit"]
[Black "Jaberansari, Benjamin"]
[Result "0-1"]
[WhiteElo "1165"]
[BlackElo "1345"]
[PlyCount "34"]
[EventDate "2020.11.17"]
[WhiteTeam "Wimbledon 2"]
[BlackTeam "Fischer's Catch"]

1. e4 d5 2. exd5 Nf6 3. Nc3 Nxd5 4. Bc4 Nxc3 5. bxc3 Nc6 6. d4 e5 7. Be3 Bf5 8.
Bd3 e4 9. Bb5 Qd5 10. Qe2 a6 11. Bc4 Qd6 12. Qh5 Bg6 13. Qh4 Be7 14. Qf4 Qa3
15. Qxc7 Qxc3+ 16. Bd2 Qxa1+ 17. Ke2 Rb8 0-1

[Event "4NCL Online Division 3"]
[Site "online"]
[Date "2020.11.17"]
[Round "7.161"]
[White "Pickup, Ian R"]
[Black "Broom, Mark"]
[Result "1/2-1/2"]
[WhiteElo "1810"]
[BlackElo "2117"]
[PlyCount "105"]
[EventDate "2020.11.17"]
[WhiteTeam "Downend 2"]
[BlackTeam "Horsham 1"]

1. e4 e5 2. Nf3 Nf6 3. Nc3 Bb4 4. Nd5 Nxd5 5. exd5 O-O 6. c3 Ba5 7. Be2 d6 8.
O-O Nd7 9. d4 exd4 10. Nxd4 Bb6 11. Be3 Re8 12. Qd2 Ne5 13. h3 Qe7 14. Rae1 f6
15. f4 Nf7 16. Bd3 Qf8 17. Qc2 g6 18. f5 g5 19. Ne6 Bxe3+ 20. Rxe3 Qe7 21. Rfe1
Ne5 22. Be2 Kh8 23. Bh5 Rg8 24. Qe4 b5 25. Rg3 Bb7 26. h4 gxh4 27. Rh3 Rg3 28.
Rxh4 Rag8 29. Re2 c6 30. Bg6 Nxg6 31. fxg6 R3xg6 32. dxc6 Bc8 33. Qd5 Bxe6 34.
Rxe6 Rxg2+ 35. Kf1 Rg1+ 36. Ke2 R8g2+ 37. Kf3 Rg3+ 38. Kf4 Qf8 39. Rxd6 Rg8 40.
c7 Rf1+ 41. Ke3 Qe7+ 42. Re6 Re1+ 43. Kd2 Rxe6 44. Rxh7+ Qxh7 45. Qxe6 Rg2+ 46.
Ke3 Qh6+ 47. Kd4 Rd2+ 48. Kc5 Qf8+ 49. Kxb5 Rxb2+ 50. Kc4 Rb8 51. cxb8=Q Qxb8
52. Qxf6+ Kg8 53. Qe6+ 1/2-1/2

[Event "4NCL Online Division 3"]
[Site "online"]
[Date "2020.11.17"]
[Round "7.162"]
[White "Roberts, David N"]
[Black "Benkhoucha, Samy"]
[Result "1-0"]
[WhiteElo "1982"]
[BlackElo "1615"]
[PlyCount "33"]
[EventDate "2020.11.17"]
[WhiteTeam "Horsham 1"]
[BlackTeam "Downend 2"]

1. Nf3 Nf6 2. c4 c6 3. Nc3 d5 4. e3 e6 5. b3 Nbd7 6. Bb2 Bd6 7. Qc2 Qe7 8. Be2
O-O 9. Rg1 e5 10. g4 e4 11. g5 exf3 12. gxf6 Nxf6 13. Bxf3 Be6 14. cxd5 cxd5
15. Nxd5 Bxd5 16. Bxd5 Rac8 17. Qf5 1-0

[Event "4NCL Online Division 3"]
[Site "online"]
[Date "2020.11.17"]
[Round "7.163"]
[White "Walsh, Shaun"]
[Black "Taylor, Alex B"]
[Result "0-1"]
[WhiteElo "1390"]
[BlackElo "1922"]
[PlyCount "46"]
[EventDate "2020.11.17"]
[WhiteTeam "Downend 2"]
[BlackTeam "Horsham 1"]

1. e4 c5 2. Nf3 d6 3. d4 cxd4 4. Nxd4 Nf6 5. Nc3 g6 6. Be3 Bg7 7. f3 O-O 8. Qd2
Nc6 9. O-O-O d5 10. Qe1 e5 11. Nxc6 bxc6 12. exd5 cxd5 13. Bg5 Be6 14. Bc4 h6
15. Bxf6 Qxf6 16. Bxd5 Bxd5 17. Nxd5 Qe6 18. Kb1 Rab8 19. Nc3 Rfc8 20. Rd3 Qb6
21. Na4 Qc6 22. Nc3 e4 23. fxe4 Bxc3 0-1

[Event "4NCL Online Division 3"]
[Site "online"]
[Date "2020.11.17"]
[Round "7.164"]
[White "Ashby, Nicholas G"]
[Black "Bleeg, Elliott"]
[Result "1-0"]
[WhiteElo "1862"]
[BlackElo "1217"]
[PlyCount "51"]
[EventDate "2020.11.17"]
[WhiteTeam "Horsham 1"]
[BlackTeam "Downend 2"]

1. d4 d5 2. Bf4 Nc6 3. Nc3 Bf5 4. a3 a6 5. e3 Nf6 6. Bd3 Bg6 7. Bxg6 hxg6 8. b4
e6 9. Nf3 Bd6 10. Bg5 Be7 11. Qd3 Ng4 12. Bxe7 Qxe7 13. Rc1 O-O-O 14. b5 Qxa3
15. O-O axb5 16. Ra1 Qb4 17. h3 Nf6 18. Nd2 e5 19. Nxb5 e4 20. Qe2 Qe7 21. Rfb1
Nb4 22. Nb3 Na6 23. Na7+ Kd7 24. Qb5+ Ke6 25. Qxb7 Nb4 26. Nc5+ 1-0

[Event "4NCL Online Div 3 Playoff"]
[Site "online"]
[Date "2020.12.15"]
[Round "9.11"]
[White "Menadue, Jeremy F S"]
[Black "Vidruska, Renate"]
[Result "0-1"]
[WhiteElo "2050"]
[BlackElo "1998"]
[PlyCount "164"]
[EventDate "2020.12.15"]
[WhiteTeam "Trelawny's Army"]
[BlackTeam "Catford Cosmonauts 2"]

1. d4 Nf6 2. c4 e6 3. Nc3 Bb4 4. Nf3 c5 5. g3 cxd4 6. Nxd4 O-O 7. Bg2 d5 8.
cxd5 Nxd5 9. Bd2 Nxc3 10. bxc3 Be7 11. O-O e5 12. Nb3 Qc7 13. Rc1 Be6 14. c4
Nc6 15. Qc2 Ba3 16. Rb1 Rac8 17. c5 Rfd8 18. Bc1 Bxc1 19. Rfxc1 Qe7 20. Rd1 h6
21. Rxd8+ Nxd8 22. Rc1 Nc6 23. e3 f5 24. Bf1 Qf7 25. Rd1 f4 26. Rd6 Kh8 27.
exf4 exf4 28. Qe4 fxg3 29. hxg3 Bf5 30. Qf4 Rf8 31. g4 Bxg4 32. Qxf7 Rxf7 33.
Bg2 Rc7 34. Be4 Kg8 35. f3 Bh5 36. Rd5 Bf7 37. Rd6 Be8 38. Kf2 Kf8 39. Ke3 Ke7
40. Rd1 Ne5 41. Rg1 g5 42. Rh1 Nf7 43. Rc1 Bc6 44. Nd4 Bxe4 45. Kxe4 Kf6 46.
Nb5 Re7+ 47. Kd4 a6 48. Nd6 h5 49. Ne4+ Kg6 50. Rg1 Rd7+ 51. Ke3 Kf5 52. Rb1 g4
53. fxg4+ hxg4 54. Rf1+ Ke5 55. Rh1 Re7 56. Rh7 Kd5 57. Rh5+ Re5 58. Rxe5+ Nxe5
59. Nd6 Kc6 60. Ne4 Nd7 61. Kd4 Nf8 62. Ng3 Ne6+ 63. Kc4 Nxc5 64. Nf5 b5+ 65.
Kd4 Nd7 66. Ne7+ Kd6 67. Nd5 Ne5 68. Ne3 a5 69. Nf5+ Ke6 70. Ng3 Nd7 71. a3 Kd6
72. Nf5+ Kc6 73. Ne7+ Kd6 74. Nf5+ Ke6 75. Ng3 Kf6 76. Kd5 Kg5 77. Kc6 b4 78.
axb4 axb4 79. Kxd7 b3 80. Ne2 b2 81. Nc3 g3 82. Ke6 g2 0-1

[Event "4NCL Online Div 3 Playoff"]
[Site "online"]
[Date "2020.12.15"]
[Round "9.12"]
[White "Gruau, Martin G"]
[Black "Retallick, Lloyd"]
[Result "1/2-1/2"]
[WhiteElo "2035"]
[BlackElo "2065"]
[PlyCount "85"]
[EventDate "2020.12.15"]
[WhiteTeam "Catford Cosmonauts 2"]
[BlackTeam "Trelawny's Army"]

1. e4 c6 2. d3 d5 3. Nd2 e5 4. Ngf3 Bd6 5. g3 Nf6 6. Bg2 O-O 7. O-O Re8 8. Re1
Nbd7 9. Nf1 Nf8 10. Nh4 Ng6 11. Nf5 Bf8 12. N1e3 dxe4 13. dxe4 Qxd1 14. Rxd1
Bxf5 15. Nxf5 Bc5 16. Bd2 Ne7 17. Nxe7+ Rxe7 18. Bc3 Rae8 19. Rd2 Rd7 20. Rad1
Red8 21. Rxd7 Rxd7 22. Rxd7 Nxd7 23. Kf1 Bd4 24. Bxd4 exd4 25. f4 f6 26. Ke2
Kf7 27. b4 b6 28. e5 fxe5 29. Bxc6 Nb8 30. Be4 h6 31. Kd3 Kf6 32. Kc4 Na6 33.
Kb5 Nb8 34. a3 g5 35. f5 Ke7 36. Kc4 Kd6 37. Bf3 Nd7 38. c3 dxc3 39. Kxc3 Nf6
40. Kd3 Nd7 41. Kc4 Nf6 42. Kd3 Nd7 43. Kc4 1/2-1/2

[Event "4NCL Online Div 3 Playoff"]
[Site "online"]
[Date "2020.12.15"]
[Round "9.13"]
[White "Kneebone, Robin F G"]
[Black "Allen, John P"]
[Result "1-0"]
[WhiteElo "1982"]
[BlackElo "1922"]
[PlyCount "51"]
[EventDate "2020.12.15"]
[WhiteTeam "Trelawny's Army"]
[BlackTeam "Catford Cosmonauts 2"]

1. e4 c5 2. Nf3 Nc6 3. d4 cxd4 4. Nxd4 e5 5. Nb5 d6 6. c4 Be7 7. N1c3 a6 8. Na3
Be6 9. Be2 Nd4 10. O-O Rc8 11. Be3 Nxe2+ 12. Qxe2 Nf6 13. f3 Qc7 14. Nd5 Bxd5
15. cxd5 O-O 16. Rac1 Qb8 17. Qd3 b5 18. Nc2 a5 19. Na3 b4 20. Nb5 Rxc1 21.
Rxc1 Rc8 22. Rxc8+ Qxc8 23. Na7 Qc7 24. Nc6 Bd8 25. Qa6 Nd7 26. Qa8 1-0

[Event "4NCL Online Div 3 Playoff"]
[Site "online"]
[Date "2020.12.15"]
[Round "9.14"]
[White "Wood, Peter R"]
[Black "Hassall, Mark I"]
[Result "1-0"]
[WhiteElo "1990"]
[BlackElo "1942"]
[PlyCount "117"]
[EventDate "2020.12.15"]
[WhiteTeam "Catford Cosmonauts 2"]
[BlackTeam "Trelawny's Army"]

1. d4 Nf6 2. Nf3 g6 3. c4 Bg7 4. Nc3 d6 5. e4 O-O 6. Be2 e5 7. O-O Nc6 8. Be3
Ng4 9. Bg5 f6 10. Bh4 exd4 11. Nxd4 Nxd4 12. Qxd4 Qd7 13. Qd2 Ne5 14. Rad1 Qf7
15. Nd5 Nc6 16. Bd3 Ne5 17. b3 Nxd3 18. Qxd3 g5 19. Bg3 Re8 20. Ne3 h5 21. f3
h4 22. Bf2 h3 23. g4 Be6 24. Nf5 a5 25. a4 Bf8 26. Nd4 Bd7 27. Nb5 Bxb5 28.
cxb5 Qe6 29. Rc1 Re7 30. Rfd1 Rd8 31. Qd5 Qxd5 32. Rxd5 b6 33. Bd4 Kf7 34. Kf2
Bg7 35. Kg3 Rh8 36. Bb2 Ke6 37. Rd2 Kd7 38. Rdc2 Kd8 39. Rd1 Rd7 40. Rc6 Kc8
41. Rd5 Kb7 42. Rf5 Rf7 43. Bc3 Rff8 44. Kf2 Rh7 45. Ke3 Bh8 46. Kd3 Re7 47.
Ke2 Rd7 48. Kf2 Kb8 49. Kg3 Rh7 50. e5 dxe5 51. Bxe5 Re8 52. Bxf6 Bxf6 53.
Rcxf6 Re3 54. Rxg5 Rxb3 55. Rg8+ Kb7 56. Rff8 c6 57. Rb8+ Kc7 58. Rgc8+ Kd7 59.
bxc6+ 1-0

[Event "4NCL Online Division 4"]
[Site "online"]
[Date "2020.08.25"]
[Round "1.11"]
[White "Holliday, John K"]
[Black "Yogit, Senthilnathan"]
[Result "0-1"]
[WhiteElo "1798"]
[BlackElo "2117"]
[PlyCount "62"]
[EventDate "2020.08.25"]
[WhiteTeam "Bradford DCA Knights B"]
[BlackTeam "Uxbridge Knights A"]

1. e4 c5 2. Nf3 Nc6 3. d4 cxd4 4. Nxd4 g6 5. Bc4 Bg7 6. c3 Qb6 7. Nxc6 bxc6 8.
O-O d6 9. Qe2 Bb7 10. Be3 Qc7 11. Nd2 Nf6 12. f4 O-O 13. Bd3 c5 14. Rac1 Bc6
15. b4 cxb4 16. cxb4 Qb7 17. a3 Bxe4 18. Bxe4 Nxe4 19. Nxe4 Qxe4 20. Rc4 Qe6
21. Rfc1 d5 22. Rc6 Qe4 23. Qd2 d4 24. Bf2 Rfd8 25. Rc7 Bh6 26. Re1 Qf5 27.
Rexe7 Bxf4 28. Qa2 Bxc7 29. Rxc7 Rac8 30. Rxc8 Rxc8 31. Bxd4 Rc1# 0-1

[Event "4NCL Online Division 4"]
[Site "online"]
[Date "2020.08.25"]
[Round "1.12"]
[White "Symonds, Richard H"]
[Black "Adam, David W"]
[Result "1-0"]
[WhiteElo "1981"]
[BlackElo "1758"]
[PlyCount "119"]
[EventDate "2020.08.25"]
[WhiteTeam "Uxbridge Knights A"]
[BlackTeam "Bradford DCA Knights B"]

1. d4 Nf6 2. Nc3 d5 3. Bf4 e6 4. e3 Bd6 5. Nf3 Bxf4 6. exf4 O-O 7. Bd3 Nbd7 8.
O-O c5 9. Re1 cxd4 10. Nxd4 a6 11. b4 Qc7 12. Qd2 Nb6 13. g3 Bd7 14. Rab1 Rac8
15. Rb3 Nc4 16. Qe2 b5 17. h4 Qa7 18. Nf3 Rfe8 19. Ne5 Rcd8 20. h5 h6 21. g4
Bc8 22. g5 hxg5 23. fxg5 Nxe5 24. Qxe5 Ng4 25. Qg3 e5 26. Be2 Qd7 27. Rd1 d4
28. Ne4 Qf5 29. Bd3 Qf4 30. Re1 Qxg3+ 31. Nxg3 f6 32. gxf6 Nxf6 33. Bg6 Re6 34.
Ne4 Nxe4 35. Rxe4 Bb7 36. Rg4 Rf6 37. Rbg3 Rdf8 38. h6 Rxf2 39. Bd3 e4 40. hxg7
R8f7 41. Rh4 Rxg7 42. Rxg7+ Kxg7 43. Kxf2 exd3 44. cxd3 Bd5 45. a3 Kf6 46. Rxd4
Ke5 47. Ke3 Bb7 48. Rd7 Bc8 49. Rc7 Be6 50. Rc6 Kd5 51. Rxa6 Bd7 52. Rh6 Be6
53. Rh5+ Kc6 54. Kd4 Bd7 55. Rh6+ Kc7 56. Kc5 Kd8 57. Rd6 Kc7 58. Rxd7+ Kxd7
59. Kxb5 Kc7 60. Kc5 1-0

[Event "4NCL Online Division 4"]
[Site "online"]
[Date "2020.08.25"]
[Round "1.13"]
[White "Dean, Robert A"]
[Black "Hughes, Colin"]
[Result "1/2-1/2"]
[WhiteElo "1744"]
[BlackElo "1817"]
[PlyCount "106"]
[EventDate "2020.08.25"]
[WhiteTeam "Bradford DCA Knights B"]
[BlackTeam "Uxbridge Knights A"]

1. e4 c5 2. f4 e6 3. Nf3 a6 4. a4 Nc6 5. Bc4 d5 6. exd5 exd5 7. Qe2+ Be7 8. Ba2
Nf6 9. Nc3 O-O 10. O-O Re8 11. Ne5 Nd4 12. Qd1 Bf5 13. d3 Rb8 14. Be3 Qd6 15.
Ne2 Nxe2+ 16. Qxe2 b5 17. axb5 axb5 18. Rfd1 Be6 19. Bf2 d4 20. Bxe6 Qxe6 21.
Qf3 Rec8 22. Re1 Qd6 23. Ra7 Rc7 24. Rea1 Rxa7 25. Rxa7 Nd5 26. g3 Nc7 27. Qh5
g6 28. Qh3 Qb6 29. Ra1 Rd8 30. Qg2 Nd5 31. h3 Kg7 32. Qf3 f6 33. Ng4 h5 34. Nh2
Nb4 35. Qe2 Rd7 36. Be1 Nd5 37. Bd2 Bd6 38. Nf3 Re7 39. Qg2 Ne3 40. Bxe3 Rxe3
41. Nd2 f5 42. Ra8 Be7 43. Qd5 Qe6 44. Qxe6 Rxe6 45. Kf2 Bd6 46. Ra7+ Kf6 47.
Nf3 Re7 48. Ra6 Rd7 49. Ne5 Rd8 50. Nc6 Rd7 51. Ne5 Rd8 52. Nc6 Rd7 53. Ne5 Rd8
1/2-1/2

[Event "4NCL Online Division 4"]
[Site "online"]
[Date "2020.08.25"]
[Round "1.14"]
[White "Colter, Nigel"]
[Black "Ibbitson, Anthony"]
[Result "1/2-1/2"]
[WhiteElo "1780"]
[BlackElo "1735"]
[PlyCount "52"]
[EventDate "2020.08.25"]
[WhiteTeam "Uxbridge Knights A"]
[BlackTeam "Bradford DCA Knights B"]

1. d4 d5 2. Nf3 Nf6 3. e3 Bg4 4. h3 Bh5 5. c4 c6 6. Nbd2 e6 7. Qc2 Nbd7 8. b3
Bd6 9. Bb2 Qb8 10. Bd3 Bg6 11. O-O Bxd3 12. Qxd3 O-O 13. e4 dxe4 14. Nxe4 Nxe4
15. Qxe4 Nf6 16. Qe2 Qc7 17. Ne5 c5 18. dxc5 Bxc5 19. Ng4 Nxg4 20. Qxg4 g6 21.
Qg5 Be7 22. Qh6 f6 23. Rfd1 Rfd8 24. Qe3 e5 25. Qe2 Rxd1+ 26. Rxd1 Rd8 1/2-1/2

[Event "4NCL Online Division 4"]
[Site "online"]
[Date "2020.08.25"]
[Round "1.21"]
[White "Whatmore, Steve"]
[Black "Shepherd, Tom"]
[Result "0-1"]
[WhiteElo "1825"]
[BlackElo "2027"]
[PlyCount "78"]
[EventDate "2020.08.25"]
[WhiteTeam "Rugeley Rangers"]
[BlackTeam "MCS Oxford A"]

1. d4 d5 2. Nf3 Nf6 3. c4 e6 4. Nc3 c5 5. e3 a6 6. cxd5 exd5 7. Be2 Nc6 8. dxc5
Bxc5 9. Nd4 O-O 10. O-O Re8 11. a3 Ba7 12. b4 Qd6 13. Bb2 Nxd4 14. exd4 b5 15.
Rc1 Bf5 16. Bxb5 Bb8 17. g3 axb5 18. Nxb5 Qb6 19. Nc3 Qa6 20. b5 Qa5 21. Re1
Bd6 22. Qb3 Bd3 23. Rxe8+ Rxe8 24. b6 Bc4 25. Qc2 Qxb6 26. Na4 Qa7 27. Nc3 g6
28. Qd2 Kg7 29. f3 Qd7 30. Re1 Rxe1+ 31. Qxe1 Qf5 32. Qe3 Qc2 33. Qc1 Qd3 34.
Qd1 Qe3+ 35. Kg2 Bxa3 36. Bxa3 Qxc3 37. Bc5 Qb2+ 38. Kh3 Qf2 39. Qh1 g5 0-1

[Event "4NCL Online Division 4"]
[Site "online"]
[Date "2020.08.25"]
[Round "1.22"]
[White "Selvaraj, Hari"]
[Black "Carr, Matthew"]
[Result "1-0"]
[WhiteElo "1930"]
[BlackElo "1705"]
[PlyCount "61"]
[EventDate "2020.08.25"]
[WhiteTeam "MCS Oxford A"]
[BlackTeam "Rugeley Rangers"]

1. d4 Nf6 2. c4 Nc6 3. Nf3 e6 4. Bg5 h6 5. Bh4 d5 6. e3 Be7 7. Nc3 O-O 8. Be2
Ne4 9. Bxe7 Qxe7 10. Nxe4 dxe4 11. Nd2 f5 12. O-O Bd7 13. Nb3 b6 14. f3 Qg5 15.
Qd2 f4 16. exf4 Rxf4 17. g3 Raf8 18. Kh1 exf3 19. Bd1 R4f6 20. Qf2 e5 21. d5
Ne7 22. Nd2 Bh3 23. Ne4 Bg2+ 24. Kg1 Qg4 25. Nxf6+ Rxf6 26. Re1 e4 27. Qxg2 Qf5
28. Qf2 c6 29. Bc2 cxd5 30. cxd5 Qxd5 31. Bb3 1-0

[Event "4NCL Online Division 4"]
[Site "online"]
[Date "2020.08.25"]
[Round "1.23"]
[White "Sullivan, Luke"]
[Black "Zhu, Hou Ning"]
[Result "0-1"]
[WhiteElo "1525"]
[BlackElo "1802"]
[PlyCount "92"]
[EventDate "2020.08.25"]
[WhiteTeam "Rugeley Rangers"]
[BlackTeam "MCS Oxford A"]

1. c4 b6 2. d4 Nf6 3. Nf3 Bb7 4. Nc3 e6 5. Bf4 Be7 6. h3 O-O 7. e3 d6 8. Bg3
Nbd7 9. Bd3 a6 10. e4 c5 11. d5 e5 12. Qd2 Re8 13. Be2 Nf8 14. h4 Rb8 15. h5 h6
16. Nh4 Bc8 17. Nf5 Bxf5 18. exf5 Qd7 19. Bh4 Qxf5 20. Bxf6 Bxf6 21. g4 Qf4 22.
Qc2 e4 23. Rh3 Bd4 24. Bf1 Nh7 25. Qe2 Ng5 26. Rh1 e3 27. f3 Qxf3 28. Bg2 Qf2+
29. Kd1 Bxc3 30. Qxf2 exf2 31. bxc3 Ne4 32. Rf1 Nxc3+ 33. Kc2 Ne4 34. Kd3 Nf6
35. Rxf2 Nxg4 36. Rf4 Re3+ 37. Kd2 Rbe8 38. Rxg4 Re2+ 39. Kc1 Re1+ 40. Kb2
R8e2+ 41. Ka3 Rxa1 42. Re4 Raxa2+ 43. Kb3 Reb2+ 44. Kc3 Rxg2 45. Re8+ Kh7 46.
Re7 Ra3# 0-1